مكتبة جامعة عجلون الوطنية

فهرس بحث المكتبة

Normal view MARC view
  • أصول الفقه الإسلامي

Entry Topical Term

Number of records used in: 1

001 - CONTROL NUMBER

  • control field: 45496

003 - CONTROL NUMBER IDENTIFIER

  • control field: JO-AjAnu

005 - DATE AND TIME OF LATEST TRANSACTION

  • control field: 20230606081527.0

008 - FIXED-LENGTH DATA ELEMENTS

  • fixed length control field: 230606|| aca||aabn | a|a d

040 ## - CATALOGING SOURCE

  • Original cataloging agency: JO-AjAnu
  • Transcribing agency: JO-AjAnu

150 ## - HEADING--TOPICAL TERM

  • Topical term or geographic name entry element: أصول الفقه الإسلامي

670 ## - SOURCE DATA FOUND

  • Source citation: Work cat.: (JO-AjAnu)23294: الغزنوي، أحمد بن محمد بن نوح؛ دراسة وتحقيق محمد طعمة القضاة, author 45495, أصول فقه الغزنوي: رسالة في أصول الفقه